| 000 | 00379nam a2200133Ia 4500 | ||
|---|---|---|---|
| 008 | 220216s9999 xx 000 0 und d | ||
| 100 | _aDrake Ronald E | ||
| 245 | 0 | _aUse of polybutadiene coagents in peroxide cured elastomers for wire and cable | |
| 260 |
_bRubber world _c1995 |
||
| 300 | _a22-30 | ||
| 700 | _aCostello Michael S | ||
| 700 | _aHolliday Jeffrey J | ||
| 942 | _cJS | ||
| 999 |
_c71893 _d71893 |
||